Tilastot visalle Keski-Suomen maakunnan kuntien vaakunat

Klikkaa tästä pelataksesi tätä visaa!

Yleistilastot

  • Tätä visaa on pelattu 90 kertaa
  • Keskiarvotulos 23 / 34

Vastaustilastot

Vastaus% Oikein
Jyväskylä
97%
Äänekoski (–2006)
88%
Äänekoski (2007–) / Suolahti
88%
Muurame
86%
Multia
85%
Laukaa
83%
Kyyjärvi
82%
Keuruu
80%
Saarijärvi
80%
Toivakka
80%
Hankasalmi
78%
Jämsä (–2008)
78%
Jämsä (2009–) / Jämsänkoski
78%
Viitasaari
78%
Pihtipudas
77%
Konnevesi
74%
Luhanka
74%
Petäjävesi
74%
Kannonkoski
72%
Kivijärvi
72%
Uurainen
72%
Joutsa
71%
Karstula
69%
Kinnula
65%
Jyväskylän mlk
54%
Korpilahti
46%
Konginkangas
45%
Leivonmäki
42%
Pihlajavesi
42%
Äänekosken mlk
40%
Pylkönmäki
35%
Sumiainen
35%
Säynätsalo
34%
Koskenpää
29%

Tulosjakauma

Persentiili vastausten määrän mukaan

Jokaisen tuloksen saaneiden osuus

Tuloshistoriasi

Et ole pelannut tätä visaa